000 00403nam a2200157Ia 4500
005 20250423100316.0
008 250422s9999 xx 000 0 und d
020 _a0- 395- 66699- 6
050 _aQP 360 .B36/
100 _aMarie T. Banich
245 0 _aNeuropsychology: the neural bases of mental function
260 _bHoughton Mifflin company
260 _c1997
300 _a638 p
942 _cBK
999 _c32911
_d32911